Advanced Engineering Mathematics (Record no. 631)

MARC details
005 - DATE AND TIME OF LATEST TRANSACTION
control field 20250314134552.0
020 ## - INTERNATIONAL STANDARD BOOK NUMBER
International Standard Book Number 978-81-265-0827-3
082 ## - DEWEY DECIMAL CLASSIFICATION NUMBER
Classification number 510 KRE
100 ## - MAIN ENTRY--PERSONAL NAME
Author name KREYSZIG, E.
245 ## - TITLE STATEMENT
Title Advanced Engineering Mathematics
250 ## - EDITION STATEMENT
Edition statement 8th Ed.
260 ## - PUBLICATION, DISTRIBUTION, ETC.
Place of publication, distribution, etc. India
Name of publisher, distributor, etc. Wiley
Date of publication, distribution, etc. 1999
300 ## - PHYSICAL DESCRIPTION
Extent xvi, 1274p., fig., ill., tables
Other physical details Index
Dimensions 25cm.
856 ## - ELECTRONIC LOCATION AND ACCESS
Link text Access Online Book
Electronic name Advanced Engineering Mathematic
Path www.wileyindia.com
942 ## - ADDED ENTRY ELEMENTS (KOHA)
Source of classification or shelving scheme Dewey Decimal Classification
Koha item type Books
Holdings
Date last seen Total checkouts Full call number Barcode Cost, replacement price Price effective from Koha item type Lost status Source of classification or shelving scheme Damaged status Not for loan Withdrawn status Home library Current library Shelving location Date acquired Cost, normal purchase price
03/14/2025   510 KRE, L.M. 000000897 100000.00 03/14/2025 Books   Dewey Decimal Classification       College of Business Education Main Library College of Business Education Main Library General Collection 03/14/2025 25000.00
03/14/2025   510 KRE, L.M. 000000898 100000.00 03/14/2025 Books   Dewey Decimal Classification       College of Business Education Main Library College of Business Education Main Library General Collection 03/14/2025 25000.00
03/14/2025   510 KRE, L.M. 000000899 100000.00 03/14/2025 Books   Dewey Decimal Classification       College of Business Education Main Library College of Business Education Main Library General Collection 03/14/2025 25000.00
03/14/2025   510 KRE, L.M. 000000900 100000.00 03/14/2025 Books   Dewey Decimal Classification       College of Business Education Main Library College of Business Education Main Library General Collection 03/14/2025 25000.00
03/14/2025   510 KRE, L.M. 000000901 100000.00 03/14/2025 Books   Dewey Decimal Classification       College of Business Education Main Library College of Business Education Main Library General Collection 03/14/2025 25000.00